00627nam a2200145Ia 4500008004100000050002400041100002600065245013600091260008600227300002000313521001500333942000700348999001900355952010700374140724s9999 xx 000 0 und d aBF 723b.Sa237 2013 aSantos, Mari Joyce O. aLevels of self-esteem and interpersonal relations of children in conflict with the law of Las Piñas City /cMari Joyce O. Santos. aLas Piñas, Philippines :bSouthville International School and Colleges,cc2013. a76 p. :c28 cm. aPsychology cTH c229145d229145 001040aCLbCLcTHESESd2014-07-24l0oBF 723 .Sa237 2013pT0499r2018-05-15 00:00:00w2014-07-24yTH